Statistics for Animals that start with S

Click here to take the quiz!

General Stats

  • This quiz has been taken 176 times
  • The average score is 6 of 10

Answer Stats

HintAnswer% Correct
Saltwater animal that is shaped like a starStar fish
96%
Salty, oily fish eaten out of cansSardine
87%
An adult, male horseStallion
68%
Insect that can camouflage to look like a stickStick Insect
64%
Type of dung beetle worshiped by ancient EgyptiansScarab
59%
Small, spiky animal of the seaSea Urchin
55%
Saltwater animal that is named after a vegetableSea Cucumber
51%
Small mouse like mammal with a long noseShrew
43%
Medium sized wild cat that lives in the mountains of central AsiaSnow Leopard
26%
An adult, male OxSteer
16%

Score Distribution

Percentile by Number Answered

Percent of People with Each Score

Your Score History

You have not taken this quiz